000 01279nam a22003617a 4500
003 CHAP
005 20240429134924.0
008 971013s1988 r 00010 d
010 _a68349
011 _a69321
035 _a78797
040 _cCHAP
090 _aTesis
100 1 0 _aBontemps Lundi, Jean Jacques
_969151
245 _aUtilización de desperdicios de cocina suplementados en la alimentación de cerdos en etapa de desarrollo - finalización
260 _aChapingo, Méx. :
_bEl autor,
_c1988
300 _a83 h., gráfs.
500 _a27-234
502 _aTesis (Ing. Agrónomo Esp. en Zootecnia) -- UACH. Departamento de Zootecnia
590 _aALEPH
_b10
_c20130110
_lUCH01
_h1405
590 _aBATCH-UPD
_b10
_c20130110
_lUCH01
_h1343
590 _aBATCH-UPD
_b10
_c20130410
_lUCH01
_h0843
590 _aBATCH-UPD
_b10
_c20130914
_lUCH01
_h0148
590 _aCONVERSION
_b10
_c20130109
_lUCH01
_h1338
650 1 4 _aAlimentos
_xSubproductos.
_94283
650 1 4 _aGanado porcino
_xAlimentación.
_945329
650 1 4 _aGanado porcino
_xEngorda.
_945362
901 _aBK
942 _cTESIS
949 _aL401
_bZ
_cTESBD
_d-3674
_eTS1
_h419
_i78797
_si
949 _aL401
_bZ
_cTESBD
_d-83630
_eTS2
_fc.2
_h420
_i78797
_si
949 _bBC
_cTES
_d-31672
_eTS1
_h20498
_i78797
_si
999 _c68349
_d68349